000 00645nam a2200217 4500
003 OSt
005 20260601170959.0
008 260421b1964\\\\xxua||||\||||\00|\0\eng\d
040 _aICI
_bspa
_cICI
050 _aTA153
_bA38
100 1 _aAlger, John R. M.,
_931137
245 1 _aCreative synthesis in design /
_b By John r. m. alger and carl v. hays.
264 _b Prentice Hall,
_c c1964
_aEnglewood cliffs :
300 _a92 páginas
336 _atexto
_2rdacontent
337 _asin medio
_2rdamedia
338 _avolumen
_2rdacarrier
650 4 _aDiseño industrial
_915218
700 _aHays, Carl V.,
_eautor
_931138
942 _2lcc
_cB
999 _c19991
_d19991